<?xml version="1.0" encoding="UTF-8"?>
<record
    xmlns:xsi="http://www.w3.org/2001/XMLSchema-instance"
    xsi:schemaLocation="http://www.loc.gov/MARC21/slim http://www.loc.gov/standards/marcxml/schema/MARC21slim.xsd"
    xmlns="http://www.loc.gov/MARC21/slim">

  <leader>01263nam a2200325 a 4500</leader>
  <controlfield tag="001">000017789</controlfield>
  <controlfield tag="003">DO-SdBNP</controlfield>
  <controlfield tag="005">20180409095206.0</controlfield>
  <controlfield tag="007">000017789</controlfield>
  <controlfield tag="008">100406s1996    dr abc        000 0 spa d</controlfield>
  <datafield tag="040" ind1=" " ind2=" ">
    <subfield code="a">BPMSU</subfield>
    <subfield code="b">spa</subfield>
    <subfield code="c">BPMSU</subfield>
  </datafield>
  <datafield tag="092" ind1=" " ind2=" ">
    <subfield code="a">923.31</subfield>
    <subfield code="b">M385e</subfield>
  </datafield>
  <datafield tag="100" ind1="1" ind2=" ">
    <subfield code="a">Mart&#xED;nez Alm&#xE1;nzar, Juan Francisco</subfield>
  </datafield>
  <datafield tag="245" ind1="1" ind2="0">
    <subfield code="a">Enriquillo, &#xED;dolo de barro /</subfield>
    <subfield code="c">Juan Francisco Mart&#xED;nez Alm&#xE1;nzar.</subfield>
  </datafield>
  <datafield tag="260" ind1=" " ind2=" ">
    <subfield code="a">Santo Domingo :</subfield>
    <subfield code="b">[s.n</subfield>
    <subfield code="c">1995]</subfield>
  </datafield>
  <datafield tag="300" ind1=" " ind2=" ">
    <subfield code="a">220 p., xxxix :</subfield>
    <subfield code="b">il., retr. ;</subfield>
    <subfield code="c">22 cm.</subfield>
  </datafield>
  <datafield tag="504" ind1=" " ind2=" ">
    <subfield code="a">Incluye referencias bibliogr&#xE1;ficas y notas al pie de las p&#xE1;ginas</subfield>
  </datafield>
  <datafield tag="504" ind1=" " ind2=" ">
    <subfield code="a">Bibliograf&#xED;a : p. 218-219.</subfield>
  </datafield>
  <datafield tag="600" ind1="1" ind2="4">
    <subfield code="a">ENRIQUILLO,</subfield>
    <subfield code="d">1503-1533</subfield>
  </datafield>
  <datafield tag="650" ind1=" " ind2="4">
    <subfield code="a">INDIGENAS DE REP&#xDA;BLICA DOMINICANA</subfield>
    <subfield code="z">LA ESPA&#xD1;OLA (ISLA)</subfield>
    <subfield code="x">BIOGRAF&#xCD;AS</subfield>
  </datafield>
  <datafield tag="650" ind1=" " ind2="4">
    <subfield code="a">INDIGENAS DE REP&#xDA;BLICA DOMINICANA</subfield>
    <subfield code="x">GUERRAS</subfield>
    <subfield code="z">LA ESPA&#xD1;OLA (ISLA)</subfield>
  </datafield>
  <datafield tag="651" ind1=" " ind2="4">
    <subfield code="a">REP&#xDA;BLICA DOMINICANA</subfield>
    <subfield code="x">HISTORIA</subfield>
    <subfield code="x">DESCUBRIMIENTO Y CONQUISTA,</subfield>
    <subfield code="y">1492-1503</subfield>
  </datafield>
  <datafield tag="651" ind1=" " ind2="4">
    <subfield code="a">REP&#xDA;BLICA DOMINICANA</subfield>
    <subfield code="x">HISTORIA</subfield>
    <subfield code="x">COLONIA,</subfield>
    <subfield code="y">1503-1844</subfield>
  </datafield>
  <datafield tag="942" ind1=" " ind2=" ">
    <subfield code="2">ddc</subfield>
    <subfield code="c">BK</subfield>
  </datafield>
  <datafield tag="945" ind1=" " ind2=" ">
    <subfield code="a">Remanejado para la BNPHU / BT</subfield>
  </datafield>
  <datafield tag="952" ind1=" " ind2=" ">
    <subfield code="0">0</subfield>
    <subfield code="1">0</subfield>
    <subfield code="2">ddc</subfield>
    <subfield code="4">0</subfield>
    <subfield code="7">0</subfield>
    <subfield code="8">CD</subfield>
    <subfield code="a">BPMET</subfield>
    <subfield code="b">BPMET</subfield>
    <subfield code="d">2015-02-04</subfield>
    <subfield code="l">0</subfield>
    <subfield code="p">BPMSU15041030</subfield>
    <subfield code="r">2015-02-04</subfield>
    <subfield code="w">2015-02-04</subfield>
    <subfield code="y">BK</subfield>
  </datafield>
  <datafield tag="956" ind1=" " ind2=" ">
    <subfield code="a">VGENAO</subfield>
    <subfield code="b">10</subfield>
    <subfield code="c">20100406</subfield>
    <subfield code="l">BND01</subfield>
    <subfield code="h">0900</subfield>
  </datafield>
  <datafield tag="956" ind1=" " ind2=" ">
    <subfield code="a">NMORDAN</subfield>
    <subfield code="b">10</subfield>
    <subfield code="c">20100427</subfield>
    <subfield code="l">BND01</subfield>
    <subfield code="h">1104</subfield>
  </datafield>
  <datafield tag="956" ind1=" " ind2=" ">
    <subfield code="a">BTAVAREZ</subfield>
    <subfield code="b">10</subfield>
    <subfield code="c">20100511</subfield>
    <subfield code="l">BND01</subfield>
    <subfield code="h">1137</subfield>
  </datafield>
  <datafield tag="956" ind1=" " ind2=" ">
    <subfield code="a">TMEREDITH</subfield>
    <subfield code="b">20</subfield>
    <subfield code="c">20110128</subfield>
    <subfield code="l">BND01</subfield>
    <subfield code="h">1540</subfield>
  </datafield>
  <datafield tag="999" ind1=" " ind2=" ">
    <subfield code="c">7327</subfield>
    <subfield code="d">7327</subfield>
  </datafield>
</record>
